General Knowledge Quiz #139 - Statistics

General Stats
  • This quiz has been taken 64,255 times
  • The average score is 11 of 20
Answer Stats
Question Answer % Correct
Who saw four ghosts on Christmas Eve? Ebenezer Scrooge
80%
What country changed its flag in 2024 after the regime of Bashar al-Assad was overthrown? Syria
77%
What overtook Internet Explorer to become the world's most popular web browser in 2012? Chrome
72%
What were German submarines called in WWII? U-boats
70%
What is the only country of the world that has an emperor? Japan
68%
What unit of time is 1/1000th of a microsecond? Nanosecond
68%
What famous Incan ruins were unknown to the outside world until 1911? Machu Picchu
64%
Whose law states that "anything that can go wrong will go wrong"? Murphy's
64%
Who is credited with ridding Ireland of snakes, despite there being no record of snakes ever existing there? Saint Patrick
64%
What country contains most of the Ganges river delta? Bangladesh
61%
What early type of airplane had two sets of wings? Biplane
60%
What group of concertos by Vivaldi is composed of La Primavera, L'estate, L'autunno, and L'inverno? The Four Seasons
60%
What is the term for a painting that depicts inanimate objects such as food or flowers? Still life
50%
What Native American society collapsed around 900 A.D.? Classic Mayan
45%
What has a moon named Charon? Pluto
44%
What musical features the song "Defying Gravity"? Wicked
37%
What is another name for an algal bloom? {Red} tide
36%
What type of chair/couch hybrid can often be found in psychiatrists' offices? Chaise longue
32%
What country does polka originally come from? Czech Republic
25%
What type of baggy dress is spelled with 4 u's? Muumuu
22%
No matching quizzes found
Score Distribution
Percent of People with Each Score
Percentile by Number Answered
Your Score History
You have not taken this quiz